[Event "2ème Open International de Haute-Bretagn"]
[Site "RENNES - FRANCE"]
[Date "2009.07.16"]
[Round "2.28"]
[White "Castel, Efflam"]
[Black "Ledent, Philippe"]
[Result "1-0"]
[WhiteElo "1927"]
[BlackElo "1857"]
[PlyCount "49"]
[EventDate "2009.??.??"]

1. e4 e6 2. d4 d5 3. Nc3 Nf6 4. Bg5 dxe4 5. Nxe4 Nbd7 6. Nf3 h6 7. Bh4 Be7 8.
Nxf6+ Nxf6 9. Bd3 O-O 10. Qd2 c5 11. dxc5 Bxc5 12. O-O-O Be7 13. g4 Qd5 14. g5
Qxa2 15. c3 hxg5 16. Rhg1 Rd8 17. Qxg5 Qa1+ 18. Bb1 Rxd1+ 19. Rxd1 b6 20. Rg1
g6 21. Qh6 Nd5 22. Bxe7 Nxe7 23. Ng5 Bb7 24. Qh7+ Kf8 25. Qxf7# 1-0

[Event "2ème Open International de Haute-Bretagn"]
[Site "RENNES - FRANCE"]
[Date "2009.07.16"]
[Round "2.29"]
[White "Duquesnoy, Bruno"]
[Black "Josse, Mathilde"]
[Result "1/2-1/2"]
[WhiteElo "1900"]
[BlackElo "1688"]
[PlyCount "69"]
[EventDate "2009.??.??"]

1. e4 g6 2. d4 Bg7 3. c4 d6 4. Nf3 Nf6 5. Nc3 O-O 6. Be2 Nc6 7. O-O e5 8. d5
Ne7 9. b4 Ne8 10. c5 f5 11. Ng5 Bf6 12. f3 Ng7 13. Bc4 Bxg5 14. Bxg5 f4 15. Rc1
Nh5 16. Bb3 a6 17. Qd2 Kg7 18. Bh4 h6 19. Bf2 g5 20. cxd6 cxd6 21. Na4 g4 22.
Bb6 Qe8 23. Bc7 Qg6 24. Nb6 Ra7 25. Bb8 gxf3 26. Nxc8 Nxc8 27. Rc7+ Kh8 28.
Bxa7 Nxa7 29. Rxf3 Nb5 30. Rc4 Nd4 31. Rxd4 exd4 32. Qxd4+ Kh7 33. Qf2 Rc8 34.
Qe1 Rg8 35. Qd2 1/2-1/2

[Event "2ème Open International de Haute-Bretagn"]
[Site "RENNES - FRANCE"]
[Date "2009.07.16"]
[Round "2.30"]
[White "Vandomel, Fabrice"]
[Black "Geffroy, Leo"]
[Result "1/2-1/2"]
[WhiteElo "1895"]
[BlackElo "1662"]
[PlyCount "80"]
[EventDate "2009.??.??"]

1. f4 d5 2. Nf3 c5 3. e3 Nc6 4. b3 e6 5. Bb2 f6 6. Be2 Bd6 7. c4 d4 8. exd4
cxd4 9. Nxd4 Nxd4 10. Bxd4 Bxf4 11. Bf2 Qc7 12. g3 Bd6 13. Nc3 Bd7 14. O-O Nh6
15. Ne4 Be7 16. d4 f5 17. Nc5 Bxc5 18. dxc5 O-O 19. Qd6 Qc6 20. Be3 Nf7 21.
Qxc6 Bxc6 22. b4 Ne5 23. Bf4 Nd7 24. Bd6 Rfe8 25. b5 Be4 26. Rad1 Rac8 27. Bf3
Bxf3 28. Rxf3 Nxc5 29. Bxc5 Rxc5 30. Rd7 Rxc4 31. Rxb7 Ra4 32. a3 g6 33. Rd3 e5
34. Rdd7 Rxa3 35. Rg7+ Kh8 36. Rxh7+ Kg8 37. Rhg7+ Kh8 38. Rxg6 Ra2 39. Rh6+
Kg8 40. Rg6+ Kh8 1/2-1/2

[Event "2ème Open International de Haute-Bretagn"]
[Site "RENNES - FRANCE"]
[Date "2009.07.16"]
[Round "2.32"]
[White "Delpit, Wilfried"]
[Black "Le Bail, Arielle"]
[Result "0-1"]
[WhiteElo "1664"]
[BlackElo "1847"]
[PlyCount "46"]
[EventDate "2009.??.??"]

1. c4 c5 2. Nc3 e6 3. Nf3 d5 4. cxd5 exd5 5. d4 Be6 6. dxc5 Bxc5 7. e3 Nc6 8.
Bb5 Nge7 9. a3 a5 10. Bd2 O-O 11. Na4 Ba7 12. Rc1 d4 13. Nc5 Qb6 14. Bxc6 Nxc6
15. Nxe6 fxe6 16. O-O Qxb2 17. Rb1 Qxa3 18. Rxb7 dxe3 19. Bxe3 Bxe3 20. Rb3
Bxf2+ 21. Rxf2 Qe7 22. Rb6 Qc5 23. Qb3 Nd4 0-1

[Event "2ème Open International de Haute-Bretagn"]
[Site "RENNES - FRANCE"]
[Date "2009.07.16"]
[Round "2.35"]
[White "Taube, Gregor"]
[Black "Mercier, Franck"]
[Result "1-0"]
[WhiteElo "1835"]
[BlackElo "1623"]
[PlyCount "43"]
[EventDate "2009.??.??"]

1. e4 e6 2. d4 d5 3. e5 c5 4. c3 Nc6 5. Nf3 Qb6 6. a3 cxd4 7. cxd4 Be7 8. Bd3
f6 9. O-O Bd7 10. Nc3 O-O-O 11. Be3 Kb8 12. exf6 Nxf6 13. Bf4+ Ka8 14. Na4 Qa5
15. b4 Bxb4 16. axb4 Qxb4 17. Qb1 Qxb1 18. Rfxb1 a6 19. Nc5 Bc8 20. Ne5 Nh5 21.
Nxc6 Nxf4 22. Rxa6+ 1-0

[Event "2ème Open International de Haute-Bretagn"]
[Site "RENNES - FRANCE"]
[Date "2009.07.16"]
[Round "2.40"]
[White "Le Marec, Laura"]
[Black "Spoone, John-Paul"]
[Result "1-0"]
[WhiteElo "1550"]
[BlackElo "1770"]
[PlyCount "59"]
[EventDate "2009.??.??"]

1. Nf3 f5 2. g3 Nf6 3. d3 b6 4. Nbd2 Bb7 5. Bg2 e6 6. O-O Bc5 7. d4 Be7 8. Re1
O-O 9. c4 c5 10. e3 Qe8 11. b3 Nc6 12. Ne5 Rc8 13. Bb2 d6 14. Nd3 Rc7 15. Nf4
g5 16. Nxe6 Bd8 17. Nxc7 Bxc7 18. dxc5 dxc5 19. Bd5+ Nxd5 20. cxd5 Nb4 21. d6
Qc6 22. f3 Bxd6 23. Nc4 Bb8 24. Rf1 g4 25. e4 fxe4 26. f4 e3 27. Qxg4+ Qg6 28.
Nxe3 Qxg4 29. Nxg4 Nd3 30. Nh6# 1-0

[Event "2ème Open International de Haute-Bretagn"]
[Site "RENNES - FRANCE"]
[Date "2009.07.16"]
[Round "2.42"]
[White "Deceneux, Christophe"]
[Black "Caillot, Arnaud"]
[Result "1-0"]
[WhiteElo "1499"]
[BlackElo "1698"]
[PlyCount "41"]
[EventDate "2009.??.??"]

1. d4 d5 2. c4 dxc4 3. Nc3 a6 4. a4 Nc6 5. Nf3 Nf6 6. Bg5 h6 7. Bh4 g5 8. Bg3
g4 9. Ne5 Nxd4 10. e3 Nb3 11. Qxd8+ Kxd8 12. Nxf7+ Ke8 13. Nxh8 Nxa1 14. Bxc4
Bg7 15. Nf7 Bf5 16. O-O Nc2 17. Bf4 h5 18. Ng5 c6 19. e4 Bc8 20. Rd1 b5 21.
Bf7+ 1-0

[Event "2ème Open International de Haute-Bretagn"]
[Site "RENNES - FRANCE"]
[Date "2009.07.16"]
[Round "2.45"]
[White "Glory, Alain"]
[Black "Ruhlmann, Helene"]
[Result "0-1"]
[WhiteElo "1430"]
[BlackElo "1720"]
[PlyCount "48"]
[EventDate "2009.??.??"]

1. e4 d5 2. exd5 Nf6 3. d4 Nxd5 4. c4 Nb6 5. Nf3 Bg4 6. Be2 Nc6 7. d5 Bxf3 8.
Bxf3 Ne5 9. Be2 c6 10. Qd4 Ng6 11. O-O e6 12. Nc3 exd5 13. cxd5 Nxd5 14. Nxd5
Qxd5 15. Qc3 O-O-O 16. Be3 Nh4 17. f3 Re8 18. Rac1 Nf5 19. Bg5 f6 20. Rfd1 Qe5
21. Rd5 Qxd5 22. Bd3 fxg5 23. Rd1 Kb8 24. Qc2 Ne3 0-1

[Event "2ème Open International de Haute-Bretagn"]
[Site "RENNES - FRANCE"]
[Date "2009.07.16"]
[Round "2.48"]
[White "Primault, Loic"]
[Black "Payoux, Tanguy"]
[Result "1-0"]
[WhiteElo "1591"]
[BlackElo "1340"]
[PlyCount "47"]
[EventDate "2009.??.??"]

1. d4 d5 2. c4 e6 3. Nc3 Nf6 4. Nf3 Nbd7 5. Bg5 Bd6 6. cxd5 exd5 7. Nxd5 c6 8.
Nc3 Qb6 9. Qc2 Bb4 10. a3 Bxc3+ 11. bxc3 c5 12. e4 Qe6 13. Bxf6 Nxf6 14. Bb5+
Ke7 15. e5 a6 16. Be2 Nd7 17. O-O f6 18. exf6+ gxf6 19. Rfe1 Kf7 20. Bd3 Qg4
21. Re4 Qg7 22. Rae1 Kg8 23. Bc4+ Kf8 24. Re8# 1-0

[Event "2ème Open International de Haute-Bretagn"]
[Site "RENNES - FRANCE"]
[Date "2009.07.16"]
[Round "2.50"]
[White "Cheval, Thierry"]
[Black "Sin, Rany"]
[Result "1-0"]
[WhiteElo "1330"]
[BlackElo "1499"]
[PlyCount "21"]
[EventDate "2009.??.??"]

1. e4 e5 2. Nf3 d6 3. Bc4 h6 4. O-O b6 5. Nc3 Bb7 6. Re1 Nc6 7. d4 f6 8. Nh4
Nge7 9. Qh5+ Kd7 10. Qg4+ Ke8 11. Be6 {(illisible : 1-0)} 1-0

[Event "2ème Open International de Haute-Bretagn"]
[Site "RENNES - FRANCE"]
[Date "2009.07.16"]
[Round "2.51"]
[White "Chevalier, Nathalie"]
[Black "Michelutti, Enzo"]
[Result "1-0"]
[WhiteElo "1470"]
[BlackElo "1200"]
[PlyCount "61"]
[EventDate "2009.??.??"]

1. d4 d5 2. Bf4 Nf6 3. e3 Nc6 4. Bd3 Bg4 5. Nf3 e6 6. c3 Bd6 7. Nbd2 Bxf4 8.
exf4 O-O 9. h3 Bh5 10. O-O Qd6 11. g3 Rae8 12. Qc2 Bxf3 13. Nxf3 h6 14. Rfe1 g6
15. Re3 Nh5 16. Rae1 Nd8 17. Ne5 f5 18. Nxg6 Rf6 19. Ne5 Nc6 20. Qe2 Na5 21.
Qxh5 Re7 22. Kh2 b6 23. Rg1 c5 24. Qh4 Kg7 25. g4 Nc4 26. Reg3 Nxe5 27. dxe5
Qd8 28. Qxf6+ Kg8 29. gxf5+ Kh7 30. Rg7+ Rxg7 31. Qxg7# 1-0

[Event "2ème Open International de Haute-Bretagn"]
[Site "RENNES - FRANCE"]
[Date "2009.07.17"]
[Round "2.27"]
[White "Bacon, Bruno"]
[Black "Arnaud, Jean-Paul"]
[Result "0-1"]
[WhiteElo "1742"]
[BlackElo "1884"]
[PlyCount "80"]
[EventDate "2009.??.??"]

1. c4 Nf6 2. g3 g6 3. Bg2 Bg7 4. d3 O-O 5. Nc3 c6 6. e4 d6 7. Nge2 Nbd7 8. O-O
Rb8 9. a4 e5 10. h3 Re8 11. Kh2 Nf8 12. Be3 a5 13. Qd2 Ne6 14. f4 exf4 15. Nxf4
Nc5 16. Bxc5 dxc5 17. Rae1 Qc7 18. Qf2 b6 19. Nfe2 Bb7 20. Qf4 Qe7 21. Ng1 Nh5
22. Qf3 Be5 23. Nge2 Rbd8 24. Nf4 Ng7 25. Re2 h5 26. h4 Ne6 27. Bh3 Nd4 28. Qg2
Nxe2 29. Qxe2 Qd6 30. Rd1 Qf6 31. Rf1 Qg7 32. g4 g5 33. hxg5 Qxg5 34. Qf3 Bxf4+
35. Qxf4 Qxf4+ 36. Rxf4 Rxd3 37. Rf2 Bc8 38. Rg2 h4 39. Ne2 Rxe4 40. Nc3 Ree3
0-1

[Event "2ème Open International de Haute-Bretagn"]
[Site "RENNES - FRANCE"]
[Date "2009.07.17"]
[Round "2.31"]
[White "Tounsi, Tewfik"]
[Black "Heyman, Jacques"]
[Result "0-1"]
[WhiteElo "1690"]
[BlackElo "1855"]
[PlyCount "105"]
[EventDate "2009.??.??"]

1. d4 d5 2. c4 c6 3. Nc3 Nf6 4. Nf3 dxc4 5. a4 Bf5 6. e3 e6 7. Bxc4 Bb4 8. O-O
O-O 9. Bd3 Re8 10. Bxf5 exf5 11. Qd3 g6 12. b3 Qa5 13. Bb2 Nbd7 14. Na2 Bf8 15.
Rad1 Nd5 16. Nc1 Rad8 17. Qc4 N5b6 18. Qc2 Nd5 19. Nd3 Qc7 20. Nfe5 Bd6 21.
Rfe1 N7f6 22. h3 Ne4 23. f4 f6 24. Nc4 Bf8 25. Qe2 Nec3 26. Qf3 Nxd1 27. Qxd1
b5 28. Nd2 Rxe3 29. Rxe3 Nxe3 30. Qf3 Nd5 31. g4 Qe7 32. Nf1 Qe4 33. Kg2 Qxf3+
34. Kxf3 fxg4+ 35. hxg4 bxa4 36. bxa4 Rb8 37. Ne3 Rb3 38. Ke4 h5 39. gxh5 Nxe3
40. Kxe3 gxh5 41. f5 Kf7 42. Ke2 Bd6 43. Bc1 h4 44. Bf4 Rxd3 45. Bxd6 Rxd4 46.
Bc5 Rxa4 47. Kf3 a6 48. Bd6 Rc4 49. Kg2 Rc3 50. Bb4 h3+ 51. Kh2 Rb3 52. Bc5 a5
53. Bd6 0-1

[Event "2ème Open International de Haute-Bretagn"]
[Site "RENNES - FRANCE"]
[Date "2009.07.17"]
[Round "2.33"]
[White "Djendeb, Mohand"]
[Black "Madeline, Nicolas"]
[Result "1/2-1/2"]
[WhiteElo "1845"]
[BlackElo "1653"]
[PlyCount "114"]
[EventDate "2009.??.??"]

1. e4 e5 2. Nf3 Nc6 3. Bb5 a6 4. Ba4 Nf6 5. O-O b5 6. Bb3 Bc5 7. c3 O-O 8. d4
exd4 9. cxd4 Bb6 10. e5 Ng4 11. h3 Nh6 12. Bxh6 gxh6 13. Nc3 d6 14. Nd5 dxe5
15. dxe5 Kh8 16. Qc1 Nd4 17. Nxd4 Bxd4 18. Qxh6 Bxe5 19. Bc2 f5 20. Rad1 Qd6
21. Qxd6 Bxd6 22. Rfe1 Bb7 23. Ne7 f4 24. Nf5 Bb4 25. Re5 Rac8 26. a3 Bd6 27.
Nxd6 cxd6 28. Re2 f3 29. Red2 fxg2 30. Bb3 Rf3 31. Bd5 Bxd5 32. Rxd5 Rxh3 33.
Kxg2 Rh6 34. Rxd6 Rxd6 35. Rxd6 Rc2 36. b4 a5 37. Rb6 axb4 38. axb4 Rb2 39.
Rxb5 Rb3 40. f3 Kg7 41. Rb8 Kf7 42. b5 Ke7 43. b6 Kd7 44. b7 Kc7 45. Rh8 Kxb7
46. Rxh7+ Kc6 47. Re7 Kd6 48. Re2 Rb8 49. f4 Rg8+ 50. Kf3 Rg7 51. f5 Re7 52.
Ra2 Ke5 53. Ra5+ Kf6 54. Kf4 Re8 55. Ra6+ Kf7 56. Rb6 Rc8 57. Kg5 Rg8+ 1/2-1/2

[Event "2ème Open International de Haute-Bretagn"]
[Site "RENNES - FRANCE"]
[Date "2009.07.17"]
[Round "2.36"]
[White "Loizil, Joel"]
[Black "Francois, Yann"]
[Result "1-0"]
[WhiteElo "1814"]
[BlackElo "1580"]
[PlyCount "125"]
[EventDate "2009.??.??"]

1. e4 c5 2. Nf3 d6 3. d4 cxd4 4. Nxd4 Nf6 5. Nc3 a6 6. Be2 e6 7. Be3 Be7 8. O-O
O-O 9. Kh1 b5 10. a3 Bb7 11. f3 Nbd7 12. Qd2 Ne5 13. b3 Rc8 14. Bd3 Qc7 15.
Nce2 Rfd8 16. Rfc1 Qd7 17. a4 Nxd3 18. cxd3 Rxc1+ 19. Nxc1 bxa4 20. Rxa4 Ra8
21. Nce2 Bc6 22. Nxc6 Qxc6 23. Nd4 Qd7 24. Qc3 h5 25. Qc6 Qxc6 26. Nxc6 Kf8 27.
b4 Nd7 28. b5 Nc5 29. Bxc5 dxc5 30. Rxa6 Rc8 31. e5 f6 32. f4 fxe5 33. fxe5 Ke8
34. Kg1 g6 35. Kf2 Bg5 36. Kf3 Kd7 37. Ra7+ Rc7 38. b6 Kxc6 39. bxc7 Kd7 40.
c8=Q+ Kxc8 41. Rg7 Bd2 42. Rxg6 Kd7 43. Rg7+ Ke8 44. Rh7 Bc3 45. Rxh5 Kf7 46.
Rg5 Bd2 47. Rg4 Bc3 48. Ke4 Bd2 49. h4 Bc1 50. h5 Bh6 51. Rg6 Bg7 52. g4 Bh8
53. g5 Bg7 54. d4 cxd4 55. Kxd4 Bh8 56. Rh6 Bg7 57. Rh7 Kg8 58. g6 Bf8 59. h6
Bxh6 60. Rxh6 Kg7 61. Rh7+ Kxg6 62. Re7 Kf5 63. Rf7+ 1-0

[Event "2ème Open International de Haute-Bretagn"]
[Site "RENNES - FRANCE"]
[Date "2009.07.17"]
[Round "2.37"]
[White "Liauzu, Serge"]
[Black "Mevel, Mael"]
[Result "0-1"]
[WhiteElo "1643"]
[BlackElo "1800"]
[PlyCount "85"]
[EventDate "2009.??.??"]

1. Nf3 c5 2. b3 Nf6 3. Bb2 g6 4. d4 cxd4 5. Bxd4 Bg7 6. e3 Nc6 7. Bb2 O-O 8.
Be2 d6 9. O-O Bd7 10. Nbd2 Rc8 11. c4 Qa5 12. e4 Rfd8 13. Re1 a6 14. a3 Qb6 15.
Rf1 Nxe4 16. Bxg7 Nxd2 17. Qxd2 Kxg7 18. Qc3+ Kg8 19. Rad1 Qa5 20. Qe3 Qf5 21.
Nh4 Qe5 22. Qd2 Qf6 23. g3 Bh3 24. Rfe1 Ne5 25. f4 Nc6 26. Nf3 Bg4 27. Kg2 Be6
28. Ng5 Bd7 29. h3 Nb8 30. Bf3 Bc6 31. Bxc6 Nxc6 32. Ne4 Qf5 33. g4 Qd7 34. g5
Qf5 35. Ng3 Qc5 36. Qd3 Qxa3 37. f5 Qb2+ 38. Kh1 Ne5 39. Qe4 Qxb3 40. Qh4 Qf3+
41. Kh2 Qf2+ 42. Kh1 Rxc4 43. Rxe5 0-1

[Event "2ème Open International de Haute-Bretagn"]
[Site "RENNES - FRANCE"]
[Date "2009.07.17"]
[Round "2.38"]
[White "Madeline, Paul"]
[Black "Pavlovic, Zarko"]
[Result "1/2-1/2"]
[WhiteElo "1579"]
[BlackElo "1790"]
[PlyCount "98"]
[EventDate "2009.??.??"]

1. e4 e5 2. Nf3 Nc6 3. Bc4 h6 4. Nc3 Nf6 5. d3 d6 6. O-O Be7 7. Be3 a6 8. Qd2
Bg4 9. Ne1 Na5 10. Bd5 c6 11. Bxf7+ Kxf7 12. b4 Rf8 13. bxa5 Qxa5 14. Rb1 b5
15. a4 b4 16. Na2 c5 17. c3 Rab8 18. cxb4 Qxa4 19. Nc3 Qc6 20. Nc2 c4 21. f3
Be6 22. d4 exd4 23. Nxd4 Qd7 24. Rb2 d5 25. Nxe6 Qxe6 26. exd5 Qd7 27. Bc5
Bxc5+ 28. bxc5 Rxb2 29. Qxb2 Kg8 30. Qb4 Kh8 31. Qxc4 a5 32. c6 Qc7 33. Rb1
Qa7+ 34. Kf1 Ne8 35. Rb7 Qe3 36. c7 Nd6 37. Qc6 Qd3+ 38. Ke1 Nc4 39. Ne2 Qd2+
40. Kf2 Qe3+ 41. Kf1 Rxf3+ 42. gxf3 Qxf3+ 43. Kg1 Qe3+ 44. Kh1 Qf3+ 45. Kg1
Qe3+ 46. Kf1 Nd2+ 47. Ke1 Nf3+ 48. Kf1 Nxh2+ 49. Kg2 Qxe2+ 1/2-1/2

[Event "2ème Open International de Haute-Bretagn"]
[Site "RENNES - FRANCE"]
[Date "2009.07.17"]
[Round "2.41"]
[White "Dujardin, Bernard"]
[Black "Panaget, Bruno"]
[Result "0-1"]
[WhiteElo "1745"]
[BlackElo "1499"]
[PlyCount "71"]
[EventDate "2009.??.??"]

1. c4 Nf6 2. d4 g6 3. g3 Bg7 4. Bg2 O-O 5. e4 d6 6. Ne2 c5 7. d5 Bd7 8. O-O b5
9. Qb3 Qb6 10. Nbc3 bxc4 11. Qxc4 Na6 12. a3 Nc7 13. Rb1 Rfc8 14. b4 cxb4 15.
Rxb4 Qa5 16. Qa2 Na6 17. Rb1 Ng4 18. h3 Ne5 19. Bg5 Rxc3 20. Nxc3 Qxc3 21. Bxe7
Nf3+ 22. Bxf3 Qxf3 23. Rb3 Qxe4 24. Re3 Qd4 25. Bxd6 Bxh3 26. Rfe1 h5 27. Qb3
Nc5 28. Bxc5 Qxc5 29. Kh2 Bf5 30. Qb7 Rf8 31. a4 Bd4 32. Rf3 Bxf2 33. Rf1 Bd4
34. Qc6 Qe7 35. d6 Qe2+ 36. Kh1 0-1

[Event "2ème Open International de Haute-Bretagn"]
[Site "RENNES - FRANCE"]
[Date "2009.07.17"]
[Round "2.46"]
[White "Louchouarn, Renan"]
[Black "Doucin, Paul"]
[Result "0-1"]
[WhiteElo "1380"]
[BlackElo "1705"]
[PlyCount "64"]
[EventDate "2009.??.??"]

1. e4 c5 2. Nc3 d6 3. Nf3 Nc6 4. Bb5 a6 5. Bc4 e6 6. Bb3 Nf6 7. d3 Be7 8. O-O
O-O 9. Bg5 b5 10. a4 b4 11. Ne2 e5 12. Bxf6 Bxf6 13. Bd5 Bd7 14. Ng3 Rb8 15.
Nf5 Bxf5 16. exf5 Ne7 17. Bc4 Qc8 18. d4 cxd4 19. Nxd4 Qxc4 20. Ne2 Nxf5 21. b3
Qc6 22. g3 d5 23. Re1 e4 24. Ra2 Be5 25. Qc1 Nd4 26. Nxd4 Bxd4 27. Rd1 Qb6 28.
Kg2 Rbd8 29. Qf4 Bf6 30. a5 Qb7 31. Qd2 d4 32. Ra4 e3+ 0-1

[Event "2ème Open International de Haute-Bretagn"]
[Site "RENNES - FRANCE"]
[Date "2009.07.17"]
[Round "2.47"]
[White "Legras, Sebastien"]
[Black "Lieutaud, Marcel"]
[Result "1-0"]
[WhiteElo "1700"]
[BlackElo "1390"]
[PlyCount "126"]
[EventDate "2009.??.??"]

1. d4 d5 2. Nf3 Nf6 3. e3 Bf5 4. c4 e6 5. Qb3 b6 6. Nc3 Be7 7. cxd5 exd5 8. Ba6
Nxa6 9. Qb5+ Bd7 10. Qxa6 O-O 11. Qd3 Re8 12. O-O c5 13. b3 cxd4 14. Qxd4 Bc5
15. Qd2 Bc6 16. Nd4 Qc7 17. Bb2 Ne4 18. Nxe4 dxe4 19. Nxc6 Qxc6 20. Qc3 Qg6 21.
b4 Be7 22. Rac1 Bf6 23. Qb3 Bxb2 24. Qxb2 Qe6 25. Rfd1 a5 26. b5 h6 27. Rc6 Qf5
28. a4 Rab8 29. Qd4 Re6 30. Rdc1 Qe5 31. Rc8+ Rxc8 32. Rxc8+ Kh7 33. Qxe5 Rxe5
34. Rc6 Re6 35. Kf1 Kg6 36. Ke2 Kf6 37. Rxe6+ Kxe6 38. Kd2 Kd5 39. Kc3 g5 40.
f3 f5 41. Kb3 h5 42. Kc3 exf3 43. gxf3 Ke5 44. Kd3 {(=)} f4 45. h3 h4 46. e4
Kd6 47. Kd4 Ke6 48. e5 g4 49. fxg4 f3 50. Ke3 Kxe5 51. Kxf3 Kf6 52. Kf4 Kg6 53.
Ke5 Kg5 54. Kd6 Kf4 55. Kc7 Kg3 56. g5 Kxh3 57. g6 Kg3 58. g7 h3 59. g8=Q+ Kf3
60. Qd5+ Kf2 61. Qd2+ Kg1 62. Qe3+ Kg2 63. Qxh3+ Kxh3 1-0

[Event "2ème Open International de Haute-Bretagn"]
[Site "RENNES - FRANCE"]
[Date "2009.07.17"]
[Round "2.49"]
[White "Ruhlmann, Anne"]
[Black "Guichard, Claude"]
[Result "0-1"]
[WhiteElo "1499"]
[BlackElo "1280"]
[PlyCount "72"]
[EventDate "2009.??.??"]

1. e4 e5 2. Nf3 Nc6 3. Bb5 a6 4. Ba4 d6 5. c3 b5 6. Bc2 Nf6 7. d4 exd4 8. cxd4
Bb7 9. Nc3 Be7 10. O-O b4 11. Nd5 a5 12. Re1 O-O 13. Nxf6+ Bxf6 14. d5 Ne7 15.
Bb3 Nc8 16. Qc2 Nb6 17. Bf4 Re8 18. Rac1 Rc8 19. Qb1 c6 20. e5 dxe5 21. Nxe5
cxd5 22. Qd3 Re6 23. Bc2 g6 24. b3 Nd7 25. Nxd7 Qxd7 26. Rxe6 Qxe6 27. Qb5 Bc6
28. Qxa5 Be7 29. Qb6 Qf6 30. g3 g5 31. Bd2 h5 32. Bxb4 Bxb4 33. Qxb4 Qf3 34.
Qd4 Re8 35. Bd3 Bd7 36. Kf1 Bh3+ 0-1

[Event "2ème Open International de Haute-Bretagn"]
[Site "RENNES - FRANCE"]
[Date "2009.07.17"]
[Round "2.52"]
[White "Thomas, Jeannine"]
[Black "Payoux, Auriane"]
[Result "0-1"]
[WhiteElo "1310"]
[BlackElo "1460"]
[PlyCount "88"]
[EventDate "2009.??.??"]

1. d4 d5 2. c4 Nf6 3. Nc3 Bf5 4. Nf3 Nc6 5. a3 a5 6. Bf4 e6 7. c5 b6 8. cxb6
cxb6 9. Nb5 Rc8 10. Rc1 Be7 11. Ne5 Nxe5 12. Bxe5 O-O 13. e3 Qd7 14. Nc3 Qd8
15. Be2 Bd6 16. f4 Ne4 17. Bxd6 Nxd6 18. Bd3 Qh4+ 19. g3 Qh3 20. Bf1 Qh6 21. h3
Nc4 22. Bxc4 Rxc4 23. b3 Rc6 24. Na2 Rfc8 25. Rxc6 Rxc6 26. Rh2 Qg6 27. g4 Be4
28. h4 Qf6 29. g5 Qf5 30. Rd2 Qh3 31. Qe2 Qh1+ 32. Qf1 Qxh4+ 33. Qf2 Qg4 34.
Qe2 Qg1+ 35. Qf1 Qxe3+ 36. Qe2 Qxf4 37. Qb5 Rc8 38. Qd7 Rf8 39. Nc3 Qe3+ 40.
Ne2 Qxg5 41. Qb5 Rc8 42. Qxb6 Qe3 43. Kd1 Qf2 44. Nc3 Qf1# 0-1

[Event "2ème Open International de Haute-Bretagn"]
[Site "RENNES - FRANCE"]
[Date "2009.07.17"]
[Round "2.43"]
[White "Blanchard, Simon"]
[Black "Guyader, Ronan"]
[Result "1-0"]
[WhiteElo "1710"]
[BlackElo "1330"]
[PlyCount "137"]
[EventDate "2009.??.??"]

1. d4 Nf6 2. c4 e6 3. Bg5 h6 4. Bf4 Bb4+ 5. Bd2 c5 6. Bxb4 cxb4 7. e3 O-O 8.
Bd3 Qc7 9. Nf3 Nc6 10. O-O Qa5 11. Nbd2 d5 12. Nb3 Qc7 13. cxd5 exd5 14. Rc1
Qe7 15. Bb5 Bd7 16. Nc5 a6 17. Nxd7 Nxd7 18. Bxc6 bxc6 19. Rxc6 Rfc8 20. Qc2
Qe8 21. Rc1 Nb6 22. b3 Rxc6 23. Qxc6 Qxc6 24. Rxc6 Nd7 25. g3 a5 26. Nh4 g6 27.
Rd6 Nf8 28. Rxd5 a4 29. Rb5 axb3 30. axb3 Ra1+ 31. Kg2 Ne6 32. Rxb4 Nc7 33. Nf3
Nd5 34. Rb7 Ra2 35. Kf1 Ra1+ 36. Ke2 f6 37. Nh4 g5 38. Nf5 h5 39. Ne7+ Nxe7 40.
Rxe7 Rb1 41. Rb7 Rh1 42. Rc7 Rxh2 43. b4 h4 44. gxh4 g4 45. Kf1 Rxh4 46. b5
Rh1+ 47. Kg2 Rb1 48. Rc5 Kf7 49. Kg3 Rb2 50. Rf5 Ke6 51. Kxg4 Ke7 52. f3 Rg2+
53. Kf4 Rg8 54. b6 Rb8 55. Rb5 Rb7 56. Kf5 Kf7 57. e4 Ke7 58. f4 Kf7 59. e5
fxe5 60. fxe5 Ke8 61. e6 Ke7 62. Ke5 Ke8 63. Kf6 Kf8 64. d5 Ke8 65. d6 Kf8 66.
d7 Rb8 67. e7+ Kg8 68. e8=Q+ Kh7 69. Rh5# 1-0

[Event "2ème Open International de Haute-Bretagn"]
[Site "RENNES - FRANCE"]
[Date "2009.07.17"]
[Round "2.44"]
[White "Roussel, Yanis"]
[Black "Bauer, Eric"]
[Result "1-0"]
[WhiteElo "1586"]
[BlackElo "1499"]
[PlyCount "95"]
[EventDate "2009.??.??"]

1. e4 e5 2. Nf3 Nc6 3. Bb5 a6 4. Bxc6 dxc6 5. O-O Bd6 6. d4 Bg4 7. dxe5 Bxf3 8.
Qxf3 Bxe5 9. Rd1 Qe7 10. Nc3 Nf6 11. Re1 O-O 12. Bd2 Rae8 13. Qf5 Qd6 14. Rad1
Bxh2+ 15. Kh1 Be5 16. f4 Bd4 17. Be3 Nxe4 18. Nxe4 Qh6+ 19. Kg1 Bxe3+ 20. Rxe3
Rd8 21. Rdd3 Qg6 22. Qxg6 fxg6 23. Rxd8 Rxd8 24. Rd3 Re8 25. Rd4 b6 26. Kf2 h6
27. Nc3 g5 28. fxg5 hxg5 29. Rd7 Rf8+ 30. Kg3 Rf1 31. Rxc7 Rc1 32. Rxc6 Rxc2
33. Rxb6 a5 34. Ne4 a4 35. Nxg5 a3 36. bxa3 Rxa2 37. Ra6 Kf8 38. Ne6+ Kf7 39.
a4 g6 40. Nf4 Ra3+ 41. Kh4 Ra2 42. g4 Rh2+ 43. Kg5 Rc2 44. Rf6+ Kg7 45. Rxg6+
Kh8 46. Rd6 Rc5+ 47. Kh6 Rc8 48. Ng6+ 1-0

[Event "Open HB"]
[Site "?"]
[Date "2009.07.16"]
[Round "2.34"]
[White "Danet, Claude"]
[Black "Sinnas, Albert"]
[Result "1/2-1/2"]
[WhiteElo "1660"]
[BlackElo "1836"]
[PlyCount "109"]
[EventDate "2009.07.16"]
[SourceDate "2009.07.18"]

1. d4 Nf6 2. c4 c5 3. Nf3 cxd4 4. Nxd4 e6 5. e3 Nc6 6. Be2 Be7 7. Nc3 O-O 8.
O-O d5 9. cxd5 exd5 10. a3 Qc7 11. Bf3 Nxd4 12. Qxd4 Be6 13. Nxd5 Nxd5 14. Bxd5
Rfd8 15. e4 Bf6 16. Qd3 Rd7 17. Qb3 Bxd5 18. exd5 Rad8 19. Rd1 Qe5 20. Be3 Qxb2
21. Qxb2 Bxb2 22. Ra2 Rxd5 23. Rxd5 Rxd5 24. g3 Rd1+ 25. Kg2 Bd4 26. Rc2 g6 27.
Bh6 f6 28. Rc8+ Kf7 29. Rc7+ Ke6 30. Rxb7 Ra1 31. Bf8 Ra2 32. Rxh7 Rxf2+ 33.
Kh3 g5 34. Kg4 Kd5 35. Rd7+ Kc4 36. h4 gxh4 37. Kxh4 Rf3 38. Kg4 Rf1 39. Rb7
Bb6 40. Re7 Kd5 41. Rd7+ Kc6 42. Rd6+ Kc7 43. Rd5 Re1 44. Rf5 Bd4 45. Rf4 Be5
46. Rf3 Rc1 47. Bh6 Rc4+ 48. Bf4 Kc6 49. Kf5 Rc3 50. Rxc3+ Bxc3 51. Bc1 Kd5 52.
Bh6 Kd6 53. Bf8+ Kd7 54. g4 Ke8 55. Bb4 1/2-1/2